| 000 | 00894nam a2200253 a 4500 | ||
|---|---|---|---|
| 001 | 000032491 | ||
| 003 | DO-SdBNP | ||
| 005 | 20171011100212.0 | ||
| 008 | 110718s2002 dr 000 0 spa d | ||
| 020 | _a9993420395 | ||
| 040 |
_aBPMSU _bspa _cBPMSU |
||
| 049 | _a | ||
| 082 | 4 |
_a923.2 _bM378a |
|
| 245 | 0 | 0 |
_a Álbum de un héroe : _ba la augusta memoria de José Martí / _ccompilado por Federico Henríquez i Carvajal. |
| 260 |
_aSanto Domingo : _bSecretaria de Estado de Cultura, _c2002. |
||
| 300 |
_a80 p. ; _c22 cm. |
||
| 600 | 1 | 4 |
_aMARTÍ, JOSÉ, _d1853-1895 _xCRÍTICA E INTERPRETACIÓN |
| 651 | 4 |
_aCUBA- _xHISTORIA _y1878-1895 _xENSAYOS, CONFERENCIAS, ETC. |
|
| 700 | 1 |
_aHenríquez i Carvajal, Federico, _d1848-1952 _ecomp. |
|
| 910 | _aValidado. Control de calidad BNPHU | ||
| 942 |
_2ddc _cBK |
||
| 945 | _aInventariado / 2017 VM | ||
| 956 |
_aVMATEO _b10 _c20170208 _lBPMSU _h0069 |
||
| 999 |
_c12546 _d12546 |
||